=LDR 00000nam 2200000 4500 =001 INLIS000000000055917 =005 20200804114744 =035 ##$$a 0010-0820000058 =007 ta =008 200804###########################0#eng## =082 ##$$a 943 =084 ##$$a 943 Pri l =245 1#$$a Life World Library Germany /$c Terence Prittie =300 ##$$a 176 halaman : $b Ilustrasi ; $c 24 Cm. =500 ##$$a Indeks : halaman 173 - 176 =650 #4$$a Jerman =264 ##$$a Nederland :$b Time-Life International,$c 1967 =336 ##$$a teks$2 rdacontent =337 ##$$a lain-lain$2 rdamedia =338 ##$$a lain-lain$2 rdacarrier =990 ##$$a 27532753